Ekonomický potenciál a prínosy e-športov bakalárska práca

Uložené v:
Podrobná bibliografia
Hlavný autor: Kohút, Martin
Korporativný autor: Obchodná fakulta EU. Katedra cestovného ruchu
Ďalší autori: Fodranová, Iveta, 1959-
Médium: Kniha
Jazyk:Slovak
Vydavateľské údaje: Bratislava 2025
Tagy: Pridať tag
Žiadne tagy, Buďte prvý, kto otaguje tento záznam!

MARC

LEADER 00000nbm a2200000 4500
001 0311949
005 20251112134120.0
041 0 |a slo 
044 |a SK 
245 1 0 |a Ekonomický potenciál a prínosy e-športov  |b bakalárska práca  |c Martin Kohút ; školiteľ: Iveta Fodranová 
264 1 |a Bratislava  |c 2025 
300 |a 54 s. 
100 1 |a Kohút, Martin 
700 1 |a Fodranová, Iveta, 1959- 
710 2 |a Obchodná fakulta EU. Katedra cestovného ruchu